Supa Strikas Ultimate Quiz - Statistics

General Stats
  • This quiz has been taken 1,635 times
  • The average score is 12 of 20
Answer Stats
Position Answer % Correct
Goalkeeper Big Bo
95%
CDM (Captain) Dancing Rasta
82%
LF Shakes
78%
RF El Matador
77%
Coach Coach
70%
LW Cool Joe
70%
RW Twisting Tiger
70%
RB North Shaw
68%
LB Blok
64%
CAM Klaus
62%
Shakes' best friend Spenza
62%
Invincible United Coach Vince
61%
Invincible United Striker Skarra
59%
CB Eagle Eye
52%
Barka FC Striker Riano
41%
Nakama FC Coach Ura Giri
40%
Azul goalkeeper De Los Santos
36%
Grimm FC Legend Spike Dawson
33%
FC Technicali Coach Toni Vern
32%
Iron Tank Coach Admiral Von Pushup
8%
No matching quizzes found
Score Distribution
Percent of People with Each Score
Percentile by Number Answered
Your Score History
You have not taken this quiz